Central Library OPAC University of Rajshahi

Japan's foreign policy after the Cold War : (Record no. 58334)

MARC details
000 -LEADER
fixed length control field 01038nam a2200301 a 4500
001 - CONTROL NUMBER
control field 58334
003 - CONTROL NUMBER IDENTIFIER
rucl marc code BD-RjUL
005 - DATE AND TIME OF LATEST TRANSACTION
control field 20211209080617.0
008 - FIXED-LENGTH DATA ELEMENTS--GENERAL INFORMATION
fixed length control field 161217s1993 nyu b 001 0 eng
020 ## - INTERNATIONAL STANDARD BOOK NUMBER
International Standard Book Number 1563242168
International Standard Book Number 1563242176 (pbk.)
035 ## - SYSTEM CONTROL NUMBER
System control number (BD-RjUL)58458
040 ## - CATALOGING SOURCE
Original cataloging agency DLC
Transcribing agency DLC
Modifying agency BD-RjUL
Language of cataloging eng
041 ## - LANGUAGE CODE
Language code of text/sound track or separate title eng
082 00 - DEWEY DECIMAL CLASSIFICATION NUMBER
Classification number 327.52
Edition number 23
Author mark and year JAP 1993
245 00 - TITLE STATEMENT
Title Japan's foreign policy after the Cold War :
Remainder of title coping with change /
Statement of responsibility, etc. Gerald L. Curtis, editor ; Michael Blaker ... [et al.].
260 ## - PUBLICATION, DISTRIBUTION, ETC. (IMPRINT)
Place of publication, distribution, etc. Armonk, N.Y. :
Name of publisher, distributor, etc. M.E. Sharpe,
Date of publication, distribution, etc. 1993.
300 ## - PHYSICAL DESCRIPTION
Pagination xxvi, 382 p. ;
Size 23 cm.
504 ## - BIBLIOGRAPHY, ETC. NOTE
Bibliography, etc Includes bibliographical references and index.
651 #0 - SUBJECT ADDED ENTRY--GEOGRAPHIC NAME
Geographic name Japan
General subdivision Foreign relations
Chronological subdivision 1989-
9 (RLIN) 172356
Geographic name Japan
General subdivision Foreign economic relations.
9 (RLIN) 173264
700 1# - ADDED ENTRY--PERSONAL NAME
Personal name Curtis, Gerald L.
Personal name Blaker, Michael,
Dates associated with a name 1940-
830 ## - SERIES ADDED ENTRY--UNIFORM TITLE
Uniform title Studies of the East Asian Institute
942 ## - ADDED ENTRY ELEMENTS (KOHA)
Source of classification or shelving scheme Dewey Decimal Classification
Koha item type Books
Holdings
Lost status Source of classification or shelving scheme Damaged status Not for loan Collection code Permanent Location Current Location Shelving location Date acquired Source of acquisition Total Checkouts Full call number Date last seen Copy number Koha item type
  Dewey Decimal Classification   Not For Loan Non-fiction Central Library, University of Rajshahi Central Library, University of Rajshahi Reading Room 07/02/1998 Japan Foundation   327.52 JAP 1993 18/12/2016 C-1 Books